00585nam a2200181Ia 4500008004100000020001800041041000800059082001300067100002100080245002600101250001200127260004200139300000900181700002900190906001100219999001700230952015600247230125s9999 xx 000 0 und d a9781847941008 aeng a658bROB aRobert S9118165 aScaling Up Excellence a1st Ed. c2014bPenguin Random House IndiaaU K a346p aRobert S & Rao H9118166 b139.72 c96170d96170 00104070aHIMRbHIMRd2020-01-02eForward Booksg499.00i11159l0o658 ROB B19291pHIMR-BK-19291r2023-01-25 00:00:00v359.28w2023-01-25yBKzB19291